| 000 | 00632nam a2200217 u 4500 | ||
|---|---|---|---|
| 005 | 20240522063631.0 | ||
| 008 | 121112s2007 r 000 0 eng d | ||
| 020 | _a9788484524397 | ||
| 035 | _aUPN01000188440 | ||
| 049 | _aI | ||
| 050 | 4 |
_aGV1203 _bM3.4 |
|
| 100 | 1 |
_aMagdalena, Matilde _932851 |
|
| 245 | 1 | 0 |
_aJ de juegos / _cMatilde Magdalena ; il. Julio Etchart. |
| 260 |
_aBarcelona, Esp. : _bIntermón Oxfam, _c2007. |
||
| 300 |
_a[26] p. : _bprincipalmente il. col. |
||
| 650 | 4 |
_aJuegos infantiles _96445 |
|
| 650 | 2 |
_aDiversiones _914883 |
|
| 700 | 1 |
_aEtchart, Julio, _eil. |
|
| 905 | _aInfantil | ||
| 999 |
_c160543 _d160543 |
||